Mataphor (Record no. 34157)

MARC details
000 -LEADER
fixed length control field 00250nam a2200109Ia 4500
082 ## - DEWEY DECIMAL CLASSIFICATION NUMBER
Classification number 082.09
Item number HAW
100 ## - MAIN ENTRY--AUTHOR NAME
Personal name Hawkes, Terence
245 #0 - TITLE STATEMENT
Title Mataphor
260 ## - PUBLICATION, DISTRIBUTION, ETC. (IMPRINT)
Place of publication London
Name of publisher Methuen
Year of publication 1972
942 ## - ADDED ENTRY ELEMENTS (KOHA)
Koha item type Books
Holdings
Withdrawn status Lost status Damaged status Not for loan Home library Current library Date acquired Cost, normal purchase price Full call number Accession Number Koha item type
        RRII Library RRII Library 16/12/2021 1.60 082.09 HAW 14597 Books